i-dle Discography - Statistics

General Stats
  • This quiz has been taken 26 times
  • The average score is 51 of 80
Answer Stats
Answer % Correct
Doll
100%
HWAA
100%
I Want That
100%
Klaxon
100%
LATATA
100%
Oh my God
100%
Senorita
100%
Super Lady
100%
Wife
100%
Fate
93%
HANN (Alone)
93%
HANN (Alone in winter)
93%
I DO
93%
Nxde
93%
TOMBOY
93%
LION
86%
My Bag
86%
Tall Trees
86%
Uh-Oh
86%
7Days
79%
Allergy
79%
Bloom
79%
Good Thing
79%
Queencard
79%
Rollie
79%
Dahlia
71%
DARK (X-file)
71%
DUMDi DUMDi
71%
Escape
71%
Eyes Roll
71%
LOVE
71%
Maze
71%
Neverland
71%
Peter Pan
71%
Revenge
71%
$$$
64%
Chain
64%
Change
64%
Flip It
64%
Lucid
64%
Luv U
64%
MOON
64%
Sculpture
64%
Villain Dies
64%
Vision
64%
What's In Your House?
64%
All Night
57%
Blow Your Mind
57%
Girlfriend
57%
Hear Me
57%
Last Forever
57%
Maybe
57%
Polaroid
57%
Put It Straight
57%
Already
50%
Don't Text Me
50%
i'M THE TREND
50%
Liar
50%
Lost
50%
Love Tease
50%
Never Stop Me
50%
Paradise
50%
Where is love
50%
For You
43%
Give Me Your
43%
If You Want
43%
Invincible
43%
Light My Fire
43%
Tung-Tung (Empty)
43%
Unstoppable
36%
What's Your Name
36%
Where Do We Go
36%
Last Dance
29%
Reset
29%
Abracadabra
21%
Help Me
21%
Relay
21%
ARISE
14%
Farewell to the World
14%
GAME
7%
No matching quizzes found
Score Distribution
Percent of People with Each Score
Percentile by Number Answered
Your Score History
You have not taken this quiz